Central Library OPAC University of Rajshahi

The geography of air transport / (Record no. 6351)

MARC details
000 -LEADER
fixed length control field 00812cam a22002771 4500
001 - CONTROL NUMBER
control field 6351
003 - CONTROL NUMBER IDENTIFIER
rucl marc code BD-RjUL
005 - DATE AND TIME OF LATEST TRANSACTION
control field 20211208234229.0
008 - FIXED-LENGTH DATA ELEMENTS--GENERAL INFORMATION
fixed length control field 110114s1966 enkab b 000 0 eng
035 ## - SYSTEM CONTROL NUMBER
System control number (BD-RjUL)6391
System control number (OCoLC)404284
040 ## - CATALOGING SOURCE
Original cataloging agency DLC
Transcribing agency OAU
Modifying agency OCoLC
-- Uk
-- (BD-RjUL)
Language of cataloging eng
041 ## - LANGUAGE CODE
Language code of text/sound track or separate title eng
082 ## - DEWEY DECIMAL CLASSIFICATION NUMBER
Classification number 387.72
Author mark and year SEG 1966
100 1# - MAIN ENTRY--PERSONAL NAME
Personal name Sealy, Kenneth R.
9 (RLIN) 19991
245 14 - TITLE STATEMENT
Title The geography of air transport /
Statement of responsibility, etc. [by] Kenneth R. Sealy.
250 ## - EDITION STATEMENT
Edition statement [Revised ed.]
260 ## - PUBLICATION, DISTRIBUTION, ETC. (IMPRINT)
Place of publication, distribution, etc. London,
Name of publisher, distributor, etc. Hutchinson,
Date of publication, distribution, etc. 1966.
300 ## - PHYSICAL DESCRIPTION
Pagination 198 p.
Illustrations maps, tables, diagrs.
Size 22 cm.
490 0# - SERIES STATEMENT
Series statement Hutchinson University Library, geography
504 ## - BIBLIOGRAPHY, ETC. NOTE
Bibliography, etc Bibliography: p. [189]-192.
650 #0 - SUBJECT ADDED ENTRY--TOPICAL TERM
Topical term or geographic name as entry element Aeronautics, Commercial.
9 (RLIN) 11388
942 ## - ADDED ENTRY ELEMENTS (KOHA)
Source of classification or shelving scheme Dewey Decimal Classification
Koha item type Books
Holdings
Lost status Source of classification or shelving scheme Damaged status Not for loan Collection code Permanent Location Current Location Shelving location Date acquired Source of acquisition Cost, normal purchase price Total Checkouts Full call number Date last seen Copy number Koha item type
  Dewey Decimal Classification   Not For Loan Non-fiction Central Library, University of Rajshahi Central Library, University of Rajshahi   16/11/1967 Zeitlinger 11.60   387.72 SEG 1966 11/01/2014 C-1 Books